000 01257nam a2200337 4500
001 178864
003 ES-MaACL
005 20250728142135.0
008 110721s2009 sp a |||| |dspa d
020 _a978-84-936885-7-8
080 _a821.134.2-14"19"
080 _a821.134.2-14"19/20"(082.2)
080 _a929 Ana, Marcos
245 0 3 _aEl árbol talado que retoña
_b: homenaje a Marcos Ana /
_cvarios autores ; prólogo de Isaac Rosa.
250 _a1ª ed.
260 _aCórdoba :
_bEl Páramo,
_c2009.
300 _a98 p. :
_bil. ;
_c21 cm +
_e1 CD-ROM
500 _aÍndices.
505 8 _aContiene: ;
_tPoemas de la prisión /
_rMarcos Ana
600 1 7 _aAna, Marcos,
_d1920-2016-
_vHomenajes
_2
_9147410
650 7 _aPoesías españolas-
_yS.XX.
_916221
650 4 _aPoesía española-
_yS.XXI
_916222
700 1 _aRosa, Isaac,
_d1974-
_9158197
700 1 _aAna, Marcos,
_d1920-2016
_921357
710 2 _aFundación de Investigaciones Marxistas.
_94272
740 0 _aPoemas de la prisión.
852 _aES-MaACL
_jA-11419
_9185729
_bR.145767
_cDEPO1
_dOlim: N-4423
_xDonación: Editorial
852 _aES-MaACL
_jDes-ROTATIVO-23
_9203706
_cDES
_hDonación: Editorial
942 _2udc
_cMONOGRAFIA
999 _c178864
_d178864